Statistics for Pokémon starting with a T (generation 1-7)

Click here to take the quiz!

General Stats

  • This quiz has been taken 4 times
  • The average score is 16 of 49

Answer Stats

GenPokémon% Correct
3Treecko
100%
1Tangela
75%
1Tauros
75%
2Teddiursa
75%
1Tentacool
75%
1Tentacruel
75%
2Togepi
75%
4Togekiss
50%
2Togetic
50%
3Torkoal
50%
2Totodile
50%
3Trapinch
50%
6Trevenant
50%
3Tropius
50%
5Trubbish
50%
5Tympole
50%
2Tyranitar
50%
6Tyrantrum
50%
6Tyrunt
50%
3Taillow
25%
6Talonflame
25%
4Tangrowth
25%
5Tepig
25%
5Terrakion
25%
5Throh
25%
5Timburr
25%
3Torchic
25%
7Torracat
25%
4Torterra
25%
7Toucannon
25%
7Toxapex
25%
4Toxicroak
25%
7Trumbeak
25%
7Turtonator
25%
4Turtwig
25%
5Tynamo
25%
2Typhlosion
25%
7Tapu Bulu
0%
7Tapu Fini
0%
7Tapu Koko
0%
7Tapu Lele
0%
5Thundurus
0%
5Tirtouga
0%
7Togedemaru
0%
5Tornadus
0%
5Tranquill
0%
7Tsareena
0%
7Type: Null
0%
2Tyrogue
0%

Score Distribution

Percentile by Number Answered

Percent of People with Each Score

Your Score History

You have not taken this quiz